Systémový prístup ku stanoveniu koncepcie controllingu podniku

Postavenie controllingu v podniku. Vlastnosti podniku. Riadiaci a procesný systém podniku. Dlhodobá schopnosť existencie podniku. Doplnenie systému riadenia controllingom. Ciele controllingu. Charakteristika funkcií controllingu. Funfcie controllera.

Salvato in:
Dettagli Bibliografici
Autore principale: Baran, Dušan
Natura: Capitolo di libro
Lingua:slovacco
Soggetti:
Tags: Aggiungi Tag
Nessun Tag, puoi essere il primo ad aggiungerne!!

MARC

LEADER 00000naa$a2200000$$$4500
001 0070563
005 20231121095533.2
041 0 |a slo 
044 |a SK 
245 1 0 |a Systémový prístup ku stanoveniu koncepcie controllingu podniku  |c Dušan Baran 
520 |a Postavenie controllingu v podniku. Vlastnosti podniku. Riadiaci a procesný systém podniku. Dlhodobá schopnosť existencie podniku. Doplnenie systému riadenia controllingom. Ciele controllingu. Charakteristika funkcií controllingu. Funfcie controllera. 
610 2 0 |a kontroling 
610 2 0 |a riadenie 
610 2 0 |a podnik 
610 2 0 |a manažéri 
100 1 |a Baran, Dušan